Qui a reçu le plus de points à l'Eurovision ? - Statistiques

Statistiques générales
  • Ce quiz a été pris 17 fois
    2 depuis la dernière actualisation
  • Le résultat moyen est 21 sur 52
Statistiques - réponses
Pays Édition Artiste Points % Correct
Norvège 2009 Alexander Rybak 387
100%
Croatie 2024 Baby Lasagna 547
100%
France 2021 Barbara Pravi 499
100%
Bulgarie 2026 Dara 516
100%
Autriche 2025 JJ 436
100%
Finlande 2023 Käärijä 526
100%
Suède 2025 KAJ 321
100%
Suède 2023 Loreen 583
100%
Suède 2012 Loreen 372
100%
Italie 2021 Måneskin 524
100%
Suisse 2024 Nemo 591
100%
Israël 2018 Netta 529
100%
France 2024 Slimane 445
100%
Estonie 2025 Tommy Cash 356
100%
Belgique 2017 Blanche 363
50%
Finlande 2021 Blind Channel 301
50%
Espagne 2022 Chanel 459
50%
Australie 2016 Dami In 511
50%
Pays-Bas 2019 Duncan Laurence 498
50%
Israël 2024 Eden Golan 375
50%
Ukraine 2016 Jamala 534
50%
Ukraine 2022 Kalush Orchestra 631
50%
Norvège 2019 KEiiNO 331
50%
Italie 2019 Mahmood 472
50%
Portugal 2017 Salvador Sobral 758
50%
Russie 2019 Sergeï Lazarev 370
50%
Israël 2025 Yuval Raphael 357
50%
Ukraine 2024 alyona alyona/Jerry Heil 453
0%
Autriche 2018 Cesár Sampson 342
0%
Azerbaïdjan 2019 Chingiz 302
0%
Suède 2022 Cornelia Jacobs 438
0%
Islande 2021 Daði og Gagnamagnið 378
0%
Chypre 2018 Eleni Foureira 436
0%
Italie 2018 Ermal Meta/Fabrizio Moro 308
0%
Italie 2017 Francesco Gabbani 334
0%
Ukraine 2021 Go_A 364
0%
Suède 2019 John Lundvik 334
0%
Serbie 2022 Konstrakta 312
0%
Bulgarie 2017 Kristian Kostov 615
0%
Suisse 2019 Luca Hänni 364
0%
Suède 2015 Måns Zelmerlöw 365
0%
Italie 2023 Marco Mengoni 350
0%
Allemagne 2018 Michael Schulte 340
0%
Israël 2023 Noa Kirel 362
0%
Israël 2026 Noam Bettam 343
0%
Bulgarie 2016 Poli Guénova 307
0%
Russie 2015 Polina Gagarina 303
0%
Suède 2017 Robin Bengtsson 344
0%
Royaume-Uni 2022 Sam Ryder 466
0%
Russie 2016 Sergueï Lazarov 491
0%
Moldavie 2017 SunStroke Project 374
0%
Macédoine du Nord 2019 Tamara Todevska 305
0%
Aucun quiz correspondant
Distribution des résultats
% des personnes avec chaque résultat
Percentile par nombre de réponses
Votre historique - résultats
Vous n’avez pas pris ce quiz depuis la dernière actualisation